000 00499nam a22001817a 4500
999 _c157867
_d157867
005 20181006130703.0
010 _aENG-124190
020 _a9788193314173
_c299.00
035 _aEN-107722
037 _bDBAD/PUB
082 _aN
100 _aSanga, Jaina
245 _aTourist season:
_cby Jaina Sanga
_btow novellas /
260 _aNew Delhi
_bSpeaking Tiger
_c2017
270 _a4381/4, Ansari Road, Daryaganj,
_bNew Delhi
_e110002
300 _a172p.
_c20cm(pbk)
942 _2ddc
_cEN
_hN
_mSAN